Science Quiz

Random Science or Clickable Quiz

APES 2017 Douglass ch 17 Quiz Stats

 Plays Quiz not verified by Sporcle

Also try: Parts of a Circle
Challenge
Share
Tweet
Embed
Score 0/22 Timer 20:00
0 Plays Today
% Correct
Dose
80%
Dose-response curve
80%
Pathogens
60%
Infectious Disease
60%
Bacteria
60%
Parasites
60%
Transmissible Disease
60%
Pandemic
60%
Carcinogens
60%
Toxicity
60%
Risk
40%
% Correct
Risk Assessment
40%
Risk Management
40%
Viruses
40%
Non-transmissible Disease
40%
Epidemic
40%
Toxic Chemical
40%
Teratogens
40%
Mutagens
40%
Toxicology
40%
Response
40%
Risk Analysis
40%

You're not logged in!

Compare scores with friends on all Sporcle quizzes.
OR
Log In

You Might Also Like...

Show Comments

Extras

Created Aug 20, 2017ReportNominate
Tags:Clickable Quiz, 2017, ape

Top Quizzes Today


Score Distribution

Your Account Isn't Verified!

In order to create a playlist on Sporcle, you need to verify the email address you used during registration. Go to your Sporcle Settings to finish the process.

Report this User

Report this user for behavior that violates our Community Guidelines.

Details: